| 000 | 003320000a22001450004500 | ||
|---|---|---|---|
| 003 | MACL | ||
| 040 | _aMACL | ||
| 090 |
_c42993 _d42991 |
||
| 100 | _aKaul, H K | ||
| 245 | _aKnowledge Library and Information Networking Naclin 2007 | ||
| 260 |
_bDelnet _c2008 |
||
| 350 | _a800 | ||
| 650 | _aLibrary Science | ||
| 942 |
_cBOOK _k020/KAU |
||
| 999 |
_c42538 _d42538 |
||